عرض عادي عرض مارك
  • Diagnostic imaging

مدخل مصطلح موضوعي

عدد التسجيلات المستخدمة في: 2

001 - رقم الضبط

  • حقل الضبط: 12841

003 - معرف رقم الضبط

  • حقل الضبط: OSt

005 - تاريخ ووقت أخر عملية

  • حقل الضبط: 20120509014501.0

008 - عناصر بيانات ثابتة الطول

  • حقل تحكم ثابت الطول: 120509|||a|||||| | ||| d

040 ## - مصدر الفهرسة

  • هيئة الفهرسة الأصلية: OSt
  • وكالة الكتابة: OSt

150 ## - مدخل-- مصطلح تاريخي

  • عنصر مدخل المصطلح الموضوعي او الاسم الجغرافي: Diagnostic imaging
  • تفريع عام: Digital techniques.

670 ## - بيانات المصدر موجوده

  • الاستشهاد بالمصدر: Work cat.: (OSt)23590: Dougherty, Geoff, 1950- 12840, Digital image processing for medical applications /, 2009.